000 00274nam a2200121Ia 4500
005 20251222153648.0
008 251222s9999||||xx |||||||||||||| ||spa||
082 _a610/G37
100 _aGermá, José R.
245 0 _aTumores Germinales
264 _bONCOLOGY
942 _cLIB
999 _c33023
_d33023